000 00448 a2200193 4500
001 126201
020 _a9788586575044
040 _cEscola Canadense de Niteroi
100 _aAracy do Rego Antunes
245 1 0 _aViva a Nossa Turma: a escola, a casa
250 _a4 ed
260 _aRio de Janeiro
300 _a186 p.
_bil.
362 0 _a2013
490 0 _aViva a Nossa Turma
650 4 _aGeografia
650 4 _aHistória
942 _cBK
999 _c126201
_d126201